Sermón sobre la aparición asombrosa de María Ssma. de Guadalupe, predicado el día 19 de diciembre de 1853,...

Detalles Bibliográficos
Autor principal: ORTIZ, Jesús
Formato: Libro
Publicado: Guadalajara 1854
Materias:
Colección:Banco de datos
Acervo:Biblioteca del Ex Convento de Nuestra Señora de Guadalupe. Zacatecas
Tema general:Homilética
Notas:Buena. XXII, 3, 24 (6767). Encuadernada con 26 obras más.
LEADER 00760nam a22001930004500
035 |a 48655 
036 |a 9839 
100 1 |a ORTIZ, Jesús. 
245 1 0 |a Sermón sobre la aparición asombrosa de María Ssma. de Guadalupe, predicado el día 19 de diciembre de 1853,... 
260 |a Guadalajara  |b Tip. de Brambila  |c 1854 
500 |a Buena. XXII, 3, 24 (6767). Encuadernada con 26 obras más. 
650 1 0 |a Homilética 
949 |a CRZ-CG 
959 |a Ex convento de Nuestra Señora de Guadalupe, Museo Regional de Zacatecas, Zacatecas  |b CCC4 
960 |a Convento de Nuestra Señora de Guadalupe, Zacatecas  |b DD87 
961 |a Franciscana  |b OF 
942 |c CRZ-CG 
943 |g Biblioteca del Ex Convento de Nuestra Señora de Guadalupe. Zacatecas 
999 |c 972782  |d 972782